Firmy vnášajú zdravý životný štýl aj do kancelárií
Zelené steny, cykloparkovanie, sprchy, dostatok čerstvého vzduchu, terasy na oddych, relaxačné zóny či veľa prirodzeného svetla sú už dosť bežné požiadavky firiem pri výbere kancelárií.
Salvato in:
| Natura: | Capitolo di libro |
|---|---|
| Lingua: | slovacco |
| Soggetti: | |
| Tags: |
Nessun Tag, puoi essere il primo ad aggiungerne!!
|
MARC
| LEADER | 00000naa a2200000 4500 | ||
|---|---|---|---|
| 001 | 0225351 | ||
| 005 | 20171024141032.3 | ||
| 041 | 0 | |a slo | |
| 044 | |a SK | ||
| 245 | 1 | 0 | |a Firmy vnášajú zdravý životný štýl aj do kancelárií |
| 520 | |a Zelené steny, cykloparkovanie, sprchy, dostatok čerstvého vzduchu, terasy na oddych, relaxačné zóny či veľa prirodzeného svetla sú už dosť bežné požiadavky firiem pri výbere kancelárií. | ||
| 610 | 2 | 0 | |a štýl životný |
| 610 | 2 | 0 | |a kancelárie |
| 610 | 2 | 0 | |a prostredie pracovné |